Spongebob Squarepants Seasons 1-3 - Statistics

General Stats
  • This quiz has been taken 124 times
  • The average score is 59 of 117
Answer Stats
Episode Episode % Correct
Season 1 Episode 1a Help Wanted
87%
Season 1 Episode 1b Reef Blower
79%
Season 1 Episode 1c Tea at the Treedome
79%
Season 1 Episode 3b Plankton
77%
Season 1 Episode 2b Ripped Pants
74%
Season 1 Episode 3a Jellyfishing
72%
Season 1 Episode 6a Mermaid Man and Barnacle Boy
70%
Season 1 Episode 5a Pizza Delivery
68%
Season 2 Episode 15b Band Geeks
66%
Season 1 Episode 10b F.U.N.
64%
Season 1 Episode 20b Mermaid Man and Barnacle Boy II
64%
Season 2 Episode 11a Mermaid Man and Barnacle Boy III
64%
Season 1 Episode 20a Hooky
62%
Season 1 Episode 4b Boating School
60%
Season 1 Episode 2a Bubblestand
60%
Season 3 Episode 2a Club Spongebob
60%
Season 1 Episode 6b Pickles
60%
Season 1 Episode 17b Rock Bottom
60%
Season 1 Episode 8b Squeaky Boots
60%
Season 2 Episode 16a Graveyard Shift
57%
Season 2 Episode 13a Shanghaied
57%
Season 2 Episode 1b Squid's Day Off
57%
Season 1 Episode 18a Texas
57%
Season 1 Episode 16a Valentine's Day
57%
Season 2 Episode 8 Christmas Who
55%
Season 1 Episode 13b I Was a Teenage Gary
55%
Season 3 Episode 10b Krusty Krab Training Video
55%
Season 1 Episode 14a SB-129
55%
Season 3 Episode 3b The Bully
55%
Season 1 Episode 16b The Paper
55%
Season 2 Episode 1a Your Shoe's Untied
55%
Season 1 Episode 5b Home Sweet Pineapple
53%
Season 3 Episode 4b Idiot Box
53%
Season 3 Episode 5a Mermaid Man and Barnacle Boy IV
53%
Season 1 Episode 9b Opposite Day
53%
Season 1 Episode 13a Scaredy Pants
53%
Season 2 Episode 2a Something Smells
53%
Season 1 Episode 15b Suds
53%
Season 2 Episode 3b Bubble Buddy
51%
Season 1 Episode 7a Hall Monitor
51%
Season 2 Episode 17b I'm With Stupid
51%
Season 2 Episode 19a Jellyfish Hunter
51%
Season 1 Episode 7b Jellyfish Jam
51%
Season 1 Episode 14b Karate Choppers
51%
Season 2 Episode 7a Prehibernation Week
51%
Season 1 Episode 8a Sandy's Rocket
51%
Season 2 Episode 5a Wormy
51%
Season 1 Episode 17a Arrgh
49%
Season 2 Episode 3a Big Pink Loser
49%
Season 1 Episode 10a Culture Shock
49%
Season 2 Episode 9b Dumped
49%
Season 2 Episode 13b Gary Takes a Bath
49%
Season 2 Episode 4b Imitation Krabs
49%
Season 3 Episode 3a Just One Bite
49%
Season 2 Episode 7b Life of Crime
49%
Season 1 Episode 11a MuscleBob BuffPants
49%
Season 1 Episode 9a Nature Pants
49%
Season 1 Episode 19b Neptune's Spatula
49%
Season 2 Episode 5b Patty Hype
49%
Season 2 Episode 17a Procrastination
49%
Season 1 Episode 15a Sleepy Time
49%
Season 2 Episode 6b Squidville
49%
Season 2 Episode 11b Squirrel Jokes
49%
Season 1 Episode 18b Walking Small
49%
Season 2 Episode 2b Bossy Boots
47%
Season 3 Episode 7b Can You Spare a Dime
47%
Season 2 Episode 4a Dying for Pie
47%
Season 2 Episode 10b I'm Your Biggest Fanatic
47%
Season 3 Episode 12b Mermaid Man and Barnacle Boy V
47%
Season 3 Episode 15b Mid-Life Crustacean
47%
Season 1 Episode 4a Naughty Nautical Neighbors
47%
Season 2 Episode 10a No Free Rides
47%
Season 3 Episode 20a Spongebob Meets the Strangler
47%
Season 2 Episode 20a Squid on Strike
47%
Season 1 Episode 11b Squidward the Unfriendly Ghost
47%
Season 3 Episode 8b Squilliam Returns
47%
Season 1 Episode 12a The Chaperone
47%
Season 3 Episode 19 The Sponge Who Could Fly
47%
Season 3 Episode 14 Ugh
47%
Season 2 Episode 14a Welcome to the Chum Bucket
47%
Season 3 Episode 12a Chocolate with Nuts
45%
Season 3 Episode 13b Clams
45%
Season 1 Episode 19a Fools in April
45%
Season 2 Episode 6a Grandma's Kisses
45%
Season 2 Episode 16b Krusty Love
45%
Season 3 Episode 4a Nasty Patty
45%
Season 3 Episode 20b Pranks a Lot
45%
Season 2 Episode 12a Pressure
45%
Season 2 Episode 20b Sandy, Spongebob, and the Worm
45%
Season 2 Episode 9a Survival of the Idiots
45%
Season 2 Episode 19b The Fry Cook Games
45%
Season 3 Episode 7a As Seen on TV
43%
Season 3 Episode 13a New Student Starfish
43%
Season 2 Episode 18a Sailor Mouth
43%
Season 3 Episode 6a Snowball Effect
43%
Season 3 Episode 1b SpongeGuard on Duty
43%
Season 3 Episode 1a The Algae's Always Greener
43%
Season 3 Episode 17b The Camping Episode
43%
Season 2 Episode 15a The Secret Box
43%
Season 3 Episode 2b My Pretty Seahorse
40%
Season 3 Episode 18b Plankton's Army
40%
Season 2 Episode 12b The Smoking Peanut
40%
Season 2 Episode 18b Artist Unknown
38%
Season 3 Episode 5b Doing Time
38%
Season 1 Episode 12b Employee of the Month
38%
Season 2 Episode 14b Frankendoodle
38%
Season 3 Episode 16b I Had an Accident
38%
Season 3 Episode 8a No Weenies Allowed
38%
Season 3 Episode 6b One Krabs Trash
38%
Season 3 Episode 11 Party Pooper Pants
38%
Season 3 Episode 15a The Great Snail Race
38%
Season 3 Episode 10a Wet Painters
38%
Season 3 Episode 9a Krab Borg
36%
Season 3 Episode 17a Krabby Land
36%
Season 3 Episode 18a Missing Identity
36%
Season 3 Episode 16a Born Again Krabs
34%
Season 3 Episode 9b Rock-a-Bye Bivalve
28%
No matching quizzes found
Score Distribution
Percent of People with Each Score
Percentile by Number Answered
Your Score History
You have not taken this quiz